[Event "European Women's Championship"]
[Site "Vysoke Tatry"]
[Date "2018.04.17"]
[Round "9"]
[White "Voit, Daria"]
[Black "Muzychuk, Mariya"]
[Result "0-1"]
[Board "11"]
[WhiteElo "2388"]
[WhiteTitle "FM"]
[WhiteCountry "RUS"]
[WhiteFideId "4182146"]
[WhiteEloChange "-6"]
[BlackElo "2540"]
[BlackTitle "GM"]
[BlackCountry "UKR"]
[BlackFideId "14114550"]
[BlackEloChange "3"]

1. Nf3 {[%clk 1:28:57]} c5 {[%clk 1:30:23]} 2. c4 {[%clk 1:29:21]} Nc6 {[%clk
1:30:58]} 3. Nc3 {[%clk 1:29:40]} g6 {[%clk 1:26:07]} 4. g3 {[%clk 1:29:59]} Bg7
{[%clk 1:26:34]} 5. Bg2 {[%clk 1:30:20]} e6 {[%clk 1:26:51]} 6. d4 {[%clk
1:24:23]} cxd4 {[%clk 1:25:46]} 7. Nb5 {[%clk 1:24:50]} d5 {[%clk 1:25:36]} 8.
cxd5 {[%clk 1:25:10]} exd5 {[%clk 1:25:57]} 9. Nfxd4 {[%clk 1:18:18]} Nge7 {[%clk
1:19:05]} 10. O-O {[%clk 1:18:10]} O-O {[%clk 1:18:17]} 11. Be3 {[%clk 1:16:48]}
a6 {[%clk 1:10:52]} 12. Nc3 {[%clk 1:16:27]} Be6 {[%clk 1:10:12]} 13. Qd2 {[%clk
1:11:09]} Rc8 {[%clk 1:04:22]} 14. Nxc6 {[%clk 0:56:27]} bxc6 {[%clk 1:03:42]}
15. Bc5 {[%clk 0:56:49]} Re8 {[%clk 1:02:40]} 16. Na4 {[%clk 0:51:15]} Nf5 {[%clk
0:58:09]} 17. Rad1 {[%clk 0:43:16]} Nd6 {[%clk 0:54:14]} 18. b3 {[%clk 0:39:19]}
Nb5 {[%clk 0:51:42]} 19. Rc1 {[%clk 0:36:54]} Bf5 {[%clk 0:45:19]} 20. e3 {[%clk
0:30:45]} h5 {[%clk 0:42:55]} 21. h4 {[%clk 0:29:28]} g5 {[%clk 0:34:31]} 22. Qd1
{[%clk 0:23:45]} Bg4 {[%clk 0:29:39]} 23. Bf3 {[%clk 0:20:56]} Re4 {[%clk
0:28:24]} 24. hxg5 {[%clk 0:17:29]} Qxg5 {[%clk 0:28:39]} 25. Kg2 {[%clk
0:16:48]} h4 {[%clk 0:23:16]} 26. Rh1 {[%clk 0:16:07]} hxg3 {[%clk 0:22:13]} 27.
fxg3 {[%clk 0:14:52]} Be5 {[%clk 0:19:45]} 28. Qg1 {[%clk 0:14:21]} Bxf3+ {[%clk
0:12:13]} 29. Kxf3 {[%clk 0:14:48]} Nd4+ {[%clk 0:12:12]} 30. Bxd4 {[%clk
0:11:25]} Bxd4 {[%clk 0:11:47]} 31. Re1 {[%clk 0:08:12]} Rce8 {[%clk 0:11:20]}
32. Kg2 {[%clk 0:07:18]} Rxe3 {[%clk 0:11:36]} 33. Rxe3 {[%clk 0:07:37]} Rxe3
{[%clk 0:11:56]} 34. Qf2 {[%clk 0:07:55]} Be5 {[%clk 0:04:56]} 0-1

[Event "European Women's Championship"]
[Site "Vysoke Tatry"]
[Date "2018.04.17"]
[Round "9"]
[White "Schleining, Zoya"]
[Black "Batsiashvili, Nino"]
[Result "1/2-1/2"]
[Board "12"]
[WhiteElo "2382"]
[WhiteTitle "IM"]
[WhiteCountry "GER"]
[WhiteFideId "4671660"]
[WhiteEloChange "4"]
[BlackElo "2521"]
[BlackTitle "IM"]
[BlackCountry "GEO"]
[BlackFideId "13602993"]
[BlackEloChange "-2"]

1. Nf3 {[%clk 1:30:56]} d5 {[%clk 1:30:28]} 2. d4 {[%clk 1:31:11]} Nf6 {[%clk
1:30:52]} 3. c3 {[%clk 1:31:35]} g6 {[%clk 1:30:30]} 4. Bf4 {[%clk 1:31:44]} Bg7
{[%clk 1:30:53]} 5. e3 {[%clk 1:31:42]} O-O {[%clk 1:30:50]} 6. Nbd2 {[%clk
1:31:10]} c5 {[%clk 1:28:02]} 7. Bd3 {[%clk 1:26:30]} Nc6 {[%clk 1:26:22]} 8. h3
{[%clk 1:25:07]} b6 {[%clk 1:24:23]} 9. O-O {[%clk 1:22:01]} Bb7 {[%clk 1:24:48]}
10. Ne5 {[%clk 1:16:30]} Nd7 {[%clk 1:22:40]} 11. Nxc6 {[%clk 1:05:48]} Bxc6
{[%clk 1:23:05]} 12. Nf3 {[%clk 1:04:49]} Bb7 {[%clk 1:07:29]} 13. Re1 {[%clk
0:55:29]} a6 {[%clk 0:54:40]} 14. b4 {[%clk 0:48:37]} Re8 {[%clk 0:47:57]} 15.
Rb1 {[%clk 0:43:02]} Ra7 {[%clk 0:45:25]} 16. bxc5 {[%clk 0:41:03]} bxc5 {[%clk
0:45:52]} 17. Qa4 {[%clk 0:41:17]} e5 {[%clk 0:37:48]} 18. dxe5 {[%clk 0:40:31]}
Nxe5 {[%clk 0:38:05]} 19. Bxe5 {[%clk 0:39:37]} Bxe5 {[%clk 0:38:19]} 20. Nxe5
{[%clk 0:34:15]} Rxe5 {[%clk 0:38:37]} 21. Qf4 {[%clk 0:34:27]} Re8 {[%clk
0:21:25]} 22. Rb2 {[%clk 0:32:31]} Qe7 {[%clk 0:09:01]} 23. Reb1 {[%clk 0:32:17]}
Kg7 {[%clk 0:08:51]} 24. h4 {[%clk 0:28:05]} h5 {[%clk 0:07:05]} 25. Rb6 {[%clk
0:28:17]} Bc8 {[%clk 0:04:49]} 26. Rd6 {[%clk 0:21:32]} Rd7 {[%clk 0:02:52]} 27.
Rc6 {[%clk 0:19:30]} Bb7 {[%clk 0:01:47]} 28. Rcb6 {[%clk 0:19:38]} d4 {[%clk
0:01:23]} 29. cxd4 {[%clk 0:19:25]} cxd4 {[%clk 0:01:52]} 30. exd4 {[%clk
0:19:20]} Red8 {[%clk 0:01:23]} 31. Qe3 {[%clk 0:17:27]} Bc8 {[%clk 0:01:09]} 32.
Bxa6 {[%clk 0:14:36]} Bxa6 {[%clk 0:01:33]} 33. Qxe7 {[%clk 0:14:28]} Rxe7 {[%clk
0:02:02]} 34. Rxa6 {[%clk 0:14:49]} Rxd4 {[%clk 0:02:27]} 35. g3 {[%clk 0:15:01]}
Rd2 {[%clk 0:01:57]} 36. a4 {[%clk 0:11:52]} Ree2 {[%clk 0:02:20]} 37. Rf1 {[%clk
0:12:05]} Ra2 {[%clk 0:02:43]} 38. Kg2 {[%clk 0:12:21]} 1/2-1/2

[Event "European Women's Championship"]
[Site "Vysoke Tatry"]
[Date "2018.04.17"]
[Round "9"]
[White "Badelka, Olga"]
[Black "Khotenashvili, Bela"]
[Result "1-0"]
[Board "13"]
[WhiteElo "2375"]
[WhiteTitle "WIM"]
[WhiteCountry "BLR"]
[WhiteFideId "13509926"]
[WhiteEloChange "13"]
[BlackElo "2484"]
[BlackTitle "GM"]
[BlackCountry "GEO"]
[BlackFideId "13602640"]
[BlackEloChange "-7"]

1. c4 {[%clk 1:30:55]} c5 {[%clk 1:29:30]} 2. Nc3 {[%clk 1:31:03]} Nc6 {[%clk
1:27:58]} 3. g3 {[%clk 1:31:04]} g6 {[%clk 1:27:43]} 4. Bg2 {[%clk 1:31:28]} Bg7
{[%clk 1:27:57]} 5. d3 {[%clk 1:30:49]} e6 {[%clk 1:26:49]} 6. Bxc6 {[%clk
1:26:38]} bxc6 {[%clk 1:25:52]} 7. Qd2 {[%clk 1:26:50]} Ne7 {[%clk 1:24:54]} 8.
b3 {[%clk 1:27:11]} e5 {[%clk 1:18:08]} 9. Bb2 {[%clk 1:27:05]} d6 {[%clk
1:17:09]} 10. e4 {[%clk 1:22:23]} h5 {[%clk 1:07:14]} 11. Nge2 {[%clk 1:16:52]}
h4 {[%clk 1:02:13]} 12. O-O-O {[%clk 1:16:20]} Bg4 {[%clk 1:02:08]} 13. f4 {[%clk
1:15:00]} h3 {[%clk 0:59:49]} 14. Rhf1 {[%clk 1:08:20]} Bh6 {[%clk 0:56:00]} 15.
Kb1 {[%clk 1:07:03]} Nc8 {[%clk 0:39:51]} 16. Qc2 {[%clk 1:02:00]} Nb6 {[%clk
0:38:08]} 17. fxe5 {[%clk 0:58:51]} dxe5 {[%clk 0:38:31]} 18. Bc1 {[%clk
0:59:11]} Bxc1 {[%clk 0:35:30]} 19. Qxc1 {[%clk 0:59:23]} a5 {[%clk 0:35:37]} 20.
a4 {[%clk 0:57:49]} Rb8 {[%clk 0:32:01]} 21. Kc2 {[%clk 0:57:34]} Na8 {[%clk
0:30:46]} 22. Rf2 {[%clk 0:55:51]} Nc7 {[%clk 0:28:35]} 23. Rdf1 {[%clk 0:55:57]}
Rh7 {[%clk 0:28:50]} 24. Rf6 {[%clk 0:48:11]} Ne6 {[%clk 0:27:30]} 25. Qe3 {[%clk
0:44:54]} Qe7 {[%clk 0:23:27]} 26. Qf2 {[%clk 0:37:57]} Qa7 {[%clk 0:06:13]} 27.
Rb1 {[%clk 0:32:25]} Qe7 {[%clk 0:04:22]} 28. Rf1 {[%clk 0:31:29]} Rc8 {[%clk
0:03:32]} 29. Nc1 {[%clk 0:30:53]} Nd4+ {[%clk 0:03:39]} 30. Kb2 {[%clk 0:31:19]}
Rb8 {[%clk 0:03:29]} 31. Ka2 {[%clk 0:31:16]} Be6 {[%clk 0:01:03]} 32. Qd2 {[%clk
0:27:36]} Qb7 {[%clk 0:01:12]} 33. Qb2 {[%clk 0:28:01]} Bg4 {[%clk 0:01:07]} 34.
N3e2 {[%clk 0:07:45]} Qb4 {[%clk 0:00:38]} 35. Nxd4 {[%clk 0:07:12]} cxd4 {[%clk
0:01:04]} 36. Rxc6 {[%clk 0:06:59]} Bd7 {[%clk 0:00:53]} 37. Ra6 {[%clk 0:03:20]}
Bxa4 {[%clk 0:01:14]} 38. Rf2 {[%clk 0:03:44]} Bd7 {[%clk 0:01:00]} 39. Qa3
{[%clk 0:04:01]} a4 {[%clk 0:00:36]} 40. Qxb4 {[%clk 0:31:14]} Rxb4 {[%clk
0:31:05]} 41. Ka3 {[%clk 0:30:21]} Rb7 {[%clk 0:29:43]} 42. b4 {[%clk 0:22:18]}
Ke7 {[%clk 0:27:01]} 43. b5 {[%clk 0:21:31]} Rh8 {[%clk 0:27:14]} 44. Kxa4 {[%clk
0:20:56]} Rhb8 {[%clk 0:27:21]} 45. Ra5 {[%clk 0:14:00]} f5 {[%clk 0:21:47]} 46.
Nb3 {[%clk 0:14:16]} fxe4 {[%clk 0:17:49]} 47. dxe4 {[%clk 0:14:43]} Rc8 {[%clk
0:14:33]} 48. Kb4 {[%clk 0:14:50]} Be6 {[%clk 0:12:10]} 49. Nd2 {[%clk 0:12:11]}
Rcc7 {[%clk 0:08:17]} 50. c5 {[%clk 0:11:51]} Ra7 {[%clk 0:08:33]} 51. Rxa7
{[%clk 0:07:15]} Rxa7 {[%clk 0:09:02]} 52. Nf3 {[%clk 0:06:52]} Bd7 {[%clk
0:05:48]} 53. Nxe5 {[%clk 0:06:32]} Be8 {[%clk 0:06:17]} 54. c6 {[%clk 0:05:59]}
Ra1 {[%clk 0:04:57]} 55. c7 {[%clk 0:05:17]} Rb1+ {[%clk 0:04:34]} 56. Ka3 {[%clk
0:04:36]} Rc1 {[%clk 0:02:10]} 57. b6 {[%clk 0:04:49]} Kd6 {[%clk 0:02:27]} 58.
Kb2 {[%clk 0:04:40]} Rc3 {[%clk 0:00:51]} 59. Rc2 {[%clk 0:04:46]} 1-0

[Event "European Women's Championship"]
[Site "Vysoke Tatry"]
[Date "2018.04.17"]
[Round "9"]
[White "Babiy, Olga"]
[Black "Girya, Olga"]
[Result "0-1"]
[Board "14"]
[WhiteElo "2318"]
[WhiteTitle "WGM"]
[WhiteCountry "UKR"]
[WhiteFideId "14117258"]
[WhiteEloChange "-6"]
[BlackElo "2470"]
[BlackTitle "WGM"]
[BlackCountry "RUS"]
[BlackFideId "4195752"]
[BlackEloChange "3"]

1. e4 {[%clk 1:30:59]} c6 {[%clk 1:30:56]} 2. d4 {[%clk 1:31:22]} d5 {[%clk
1:31:21]} 3. Nc3 {[%clk 1:31:48]} dxe4 {[%clk 1:31:39]} 4. Nxe4 {[%clk 1:32:13]}
Bf5 {[%clk 1:32:04]} 5. Ng3 {[%clk 1:32:27]} Bg6 {[%clk 1:32:27]} 6. Nh3 {[%clk
1:32:45]} Nd7 {[%clk 1:30:11]} 7. Bc4 {[%clk 1:28:20]} e6 {[%clk 1:28:32]} 8. Nf4
{[%clk 1:27:44]} Bd6 {[%clk 1:10:03]} 9. Nxg6 {[%clk 1:19:36]} hxg6 {[%clk
1:10:27]} 10. Ne4 {[%clk 1:19:51]} Ndf6 {[%clk 1:04:38]} 11. Ng5 {[%clk 1:13:14]}
Qc7 {[%clk 1:04:56]} 12. Qe2 {[%clk 1:11:15]} b5 {[%clk 0:56:22]} 13. Bb3 {[%clk
1:10:13]} b4 {[%clk 0:56:05]} 14. Bd2 {[%clk 1:04:18]} Nh6 {[%clk 0:51:24]} 15.
c4 {[%clk 0:54:56]} O-O {[%clk 0:43:30]} 16. Nf3 {[%clk 0:37:42]} c5 {[%clk
0:34:14]} 17. dxc5 {[%clk 0:36:57]} Bxc5 {[%clk 0:34:41]} 18. Bxh6 {[%clk
0:37:10]} gxh6 {[%clk 0:35:05]} 19. O-O {[%clk 0:37:26]} Rad8 {[%clk 0:30:56]}
20. Bc2 {[%clk 0:33:44]} Rd6 {[%clk 0:22:25]} 21. Qe5 {[%clk 0:28:40]} Ng4 {[%clk
0:19:43]} 22. Qe4 {[%clk 0:24:07]} Rd4 {[%clk 0:18:20]} 23. Qe1 {[%clk 0:21:18]}
Rxc4 {[%clk 0:14:08]} 24. Bb3 {[%clk 0:20:29]} Rf4 {[%clk 0:13:56]} 25. h3 {[%clk
0:20:52]} Rxf3 {[%clk 0:13:54]} 26. hxg4 {[%clk 0:21:19]} Rf4 {[%clk 0:12:52]}
27. Qe2 {[%clk 0:18:37]} h5 {[%clk 0:13:08]} 28. Rac1 {[%clk 0:17:04]} hxg4
{[%clk 0:10:58]} 29. Qc2 {[%clk 0:15:11]} Rf5 {[%clk 0:11:01]} 30. Rfd1 {[%clk
0:10:45]} g3 {[%clk 0:10:58]} 31. Rd4 {[%clk 0:05:12]} gxf2+ {[%clk 0:10:19]} 32.
Kf1 {[%clk 0:05:39]} Qh2 {[%clk 0:10:41]} 0-1

[Event "European Women's Championship"]
[Site "Vysoke Tatry"]
[Date "2018.04.17"]
[Round "9"]
[White "Cornette, Deimante"]
[Black "Fataliyeva, Ulviyya"]
[Result "1-0"]
[Board "15"]
[WhiteElo "2467"]
[WhiteTitle "IM"]
[WhiteCountry "LTU"]
[WhiteFideId "12802859"]
[WhiteEloChange "4"]
[BlackElo "2361"]
[BlackTitle "WGM"]
[BlackCountry "AZE"]
[BlackFideId "13403052"]
[BlackEloChange "-7"]

1. d4 {[%clk 1:30:57]} d5 {[%clk 1:30:10]} 2. Bf4 {[%clk 1:30:42]} Nf6 {[%clk
1:30:13]} 3. e3 {[%clk 1:30:36]} e6 {[%clk 1:29:58]} 4. Nf3 {[%clk 1:30:03]} c5
{[%clk 1:30:20]} 5. Nbd2 {[%clk 1:29:44]} Nc6 {[%clk 1:30:41]} 6. c3 {[%clk
1:29:45]} Bd6 {[%clk 1:30:53]} 7. Bg3 {[%clk 1:29:40]} Bxg3 {[%clk 1:30:43]} 8.
hxg3 {[%clk 1:30:04]} Qd6 {[%clk 1:31:05]} 9. Bb5 {[%clk 1:29:01]} Bd7 {[%clk
1:28:23]} 10. Bxc6 {[%clk 1:28:59]} Bxc6 {[%clk 1:28:05]} 11. Ne5 {[%clk
1:29:15]} a5 {[%clk 1:14:38]} 12. Qf3 {[%clk 1:26:28]} a4 {[%clk 1:11:27]} 13. a3
{[%clk 1:08:41]} Bb5 {[%clk 1:09:12]} 14. Qf4 {[%clk 1:08:33]} Qe7 {[%clk
1:08:18]} 15. g4 {[%clk 1:06:09]} Nd7 {[%clk 0:50:27]} 16. Ndf3 {[%clk 1:06:15]}
Nxe5 {[%clk 0:50:31]} 17. Nxe5 {[%clk 1:06:20]} Qf6 {[%clk 0:48:11]} 18. Qg3
{[%clk 1:01:27]} g5 {[%clk 0:48:03]} 19. O-O-O {[%clk 0:54:42]} O-O-O {[%clk
0:46:17]} 20. dxc5 {[%clk 0:35:01]} Qe7 {[%clk 0:43:52]} 21. Rd4 {[%clk 0:32:39]}
Be8 {[%clk 0:30:08]} 22. c6 {[%clk 0:28:32]} b5 {[%clk 0:22:06]} 23. Rb4 {[%clk
0:26:41]} f6 {[%clk 0:22:25]} 24. Nd7 {[%clk 0:24:22]} Bxd7 {[%clk 0:21:36]} 25.
cxd7+ {[%clk 0:24:46]} Qxd7 {[%clk 0:21:38]} 26. Qf3 {[%clk 0:25:02]} Kb7 {[%clk
0:10:50]} 27. Rh6 {[%clk 0:24:33]} Rhf8 {[%clk 0:07:11]} 28. Rxf6 {[%clk
0:23:40]} Rxf6 {[%clk 0:07:31]} 29. Qxf6 {[%clk 0:24:06]} Rg8 {[%clk 0:07:51]}
30. e4 {[%clk 0:17:53]} Kc7 {[%clk 0:03:14]} 31. exd5 {[%clk 0:09:57]} exd5
{[%clk 0:02:43]} 32. Qa6 {[%clk 0:10:16]} Rb8 {[%clk 0:01:58]} 33. Qa7+ {[%clk
0:10:22]} Rb7 {[%clk 0:01:51]} 34. Qc5+ {[%clk 0:10:43]} Qc6 {[%clk 0:00:42]} 35.
Qe7+ {[%clk 0:10:35]} Kb6 {[%clk 0:00:39]} 36. Qxg5 {[%clk 0:10:44]} Qe6 {[%clk
0:00:43]} 37. Qe3+ {[%clk 0:07:22]} Qxe3+ {[%clk 0:01:08]} 38. fxe3 {[%clk
0:07:49]} Rg7 {[%clk 0:00:55]} 39. b3 {[%clk 0:03:08]} axb3 {[%clk 0:00:33]} 40.
a4 {[%clk 0:33:22]} Ka5 {[%clk 0:30:32]} 41. axb5 {[%clk 0:29:13]} Kb6 {[%clk
0:30:25]} 42. Kd2 {[%clk 0:11:28]} Ra7 {[%clk 0:10:43]} 43. Rxb3 {[%clk 0:10:28]}
Ra2+ {[%clk 0:11:09]} 44. Kd3 {[%clk 0:10:28]} Rxg2 {[%clk 0:11:34]} 45. Rb4
{[%clk 0:09:45]} h6 {[%clk 0:11:47]} 46. Rd4 {[%clk 0:08:06]} Kc5 {[%clk
0:12:04]} 47. b6 {[%clk 0:07:59]} Rb2 {[%clk 0:12:09]} 48. Rb4 {[%clk 0:08:12]}
1-0

[Event "European Women's Championship"]
[Site "Vysoke Tatry"]
[Date "2018.04.17"]
[Round "9"]
[White "Mammadova, Gulnar"]
[Black "Arda, Cagil Irmak"]
[Result "1-0"]
[Board "16"]
[WhiteElo "2360"]
[WhiteTitle "IM"]
[WhiteCountry "AZE"]
[WhiteFideId "13403508"]
[WhiteEloChange "6"]
[BlackElo "2199"]
[BlackTitle "WFM"]
[BlackCountry "TUR"]
[BlackFideId "6351700"]
[BlackEloChange "-6"]

1. e4 {[%clk 1:30:57]} c5 {[%clk 1:30:19]} 2. Nf3 {[%clk 1:31:18]} Nc6 {[%clk
1:30:44]} 3. Bb5 {[%clk 1:30:44]} e6 {[%clk 1:31:04]} 4. O-O {[%clk 1:30:45]}
Nge7 {[%clk 1:31:27]} 5. Re1 {[%clk 1:31:08]} a6 {[%clk 1:31:50]} 6. Bf1 {[%clk
1:31:32]} d5 {[%clk 1:32:14]} 7. d3 {[%clk 1:31:55]} b6 {[%clk 1:32:35]} 8. Nbd2
{[%clk 1:29:55]} g6 {[%clk 1:32:20]} 9. c3 {[%clk 1:23:21]} Bg7 {[%clk 1:30:48]}
10. g3 {[%clk 1:22:21]} Bb7 {[%clk 1:30:32]} 11. Bg2 {[%clk 1:19:24]} O-O {[%clk
1:28:36]} 12. Qe2 {[%clk 1:15:34]} Qd7 {[%clk 1:15:09]} 13. e5 {[%clk 1:13:15]}
Rfd8 {[%clk 1:10:47]} 14. Nf1 {[%clk 1:08:47]} h6 {[%clk 1:07:00]} 15. h4 {[%clk
1:08:19]} b5 {[%clk 1:06:23]} 16. b3 {[%clk 1:02:41]} a5 {[%clk 1:02:31]} 17.
N1h2 {[%clk 1:01:06]} Kh8 {[%clk 1:00:58]} 18. Bf4 {[%clk 0:56:52]} b4 {[%clk
0:51:42]} 19. Qd2 {[%clk 0:53:02]} bxc3 {[%clk 0:46:24]} 20. Qxc3 {[%clk
0:53:14]} Rdc8 {[%clk 0:46:48]} 21. Ng4 {[%clk 0:51:03]} Ng8 {[%clk 0:45:17]} 22.
Qd2 {[%clk 0:48:28]} Kh7 {[%clk 0:38:40]} 23. Rac1 {[%clk 0:46:42]} Qe7 {[%clk
0:36:51]} 24. Re2 {[%clk 0:28:09]} Ba6 {[%clk 0:31:34]} 25. a3 {[%clk 0:26:13]}
Rab8 {[%clk 0:30:55]} 26. Qc3 {[%clk 0:25:34]} Qb7 {[%clk 0:25:26]} 27. Nf6+
{[%clk 0:21:23]} Kh8 {[%clk 0:24:00]} 28. Rb2 {[%clk 0:18:32]} Qe7 {[%clk
0:19:58]} 29. Ng4 {[%clk 0:14:52]} Bf8 {[%clk 0:17:31]} 30. Qd2 {[%clk 0:14:39]}
h5 {[%clk 0:11:27]} 31. Bg5 {[%clk 0:12:15]} Qc7 {[%clk 0:07:51]} 32. Nf6 {[%clk
0:12:12]} Nxe5 {[%clk 0:06:07]} 33. Nxe5 {[%clk 0:11:21]} Qxe5 {[%clk 0:05:04]}
34. Nd7 {[%clk 0:11:16]} Qd4 {[%clk 0:04:29]} 35. Nxb8 {[%clk 0:11:03]} Rxb8
{[%clk 0:04:54]} 36. Be3 {[%clk 0:09:03]} Qxd3 {[%clk 0:05:01]} 37. Qxa5 {[%clk
0:08:57]} Bg7 {[%clk 0:02:29]} 38. Rd2 {[%clk 0:06:58]} Qb5 {[%clk 0:02:53]} 39.
Qxb5 {[%clk 0:06:52]} Rxb5 {[%clk 0:02:57]} 40. Bf1 {[%clk 0:35:41]} Ra5 {[%clk
0:33:22]} 41. Bxc5 {[%clk 0:34:53]} Bh6 {[%clk 0:31:24]} 42. f4 {[%clk 0:34:30]}
Bxf1 {[%clk 0:30:01]} 43. Kxf1 {[%clk 0:34:40]} Nf6 {[%clk 0:30:03]} 44. Bd4
{[%clk 0:34:01]} Bg7 {[%clk 0:30:20]} 45. Rc8+ {[%clk 0:33:49]} Kh7 {[%clk
0:30:43]} 46. Bxf6 {[%clk 0:33:26]} Bxf6 {[%clk 0:31:08]} 47. a4 {[%clk 0:33:38]}
d4 {[%clk 0:30:16]} 48. Rc7 {[%clk 0:28:11]} Kg7 {[%clk 0:30:42]} 49. Rd7 {[%clk
0:27:46]} Ra6 {[%clk 0:30:42]} 50. Rc2 {[%clk 0:26:34]} 1-0

[Event "European Women's Championship"]
[Site "Vysoke Tatry"]
[Date "2018.04.17"]
[Round "9"]
[White "Kovanova, Baira"]
[Black "Szczepkowska, Karina"]
[Result "0-1"]
[Board "17"]
[WhiteElo "2368"]
[WhiteTitle "WGM"]
[WhiteCountry "RUS"]
[WhiteFideId "4164083"]
[WhiteEloChange "-9"]
[BlackElo "2403"]
[BlackTitle "IM"]
[BlackCountry "POL"]
[BlackFideId "1122681"]
[BlackEloChange "4"]

1. Nf3 {[%clk 1:30:58]} Nf6 {[%clk 1:30:44]} 2. c4 {[%clk 1:31:17]} e6 {[%clk
1:30:28]} 3. Nc3 {[%clk 1:31:16]} d5 {[%clk 1:29:45]} 4. e3 {[%clk 1:31:19]} c6
{[%clk 1:26:10]} 5. b3 {[%clk 1:31:04]} Bd6 {[%clk 1:22:23]} 6. Bb2 {[%clk
1:31:19]} O-O {[%clk 1:21:10]} 7. Be2 {[%clk 1:30:31]} Nbd7 {[%clk 1:19:00]} 8.
Qc2 {[%clk 1:30:40]} Re8 {[%clk 1:15:44]} 9. O-O {[%clk 1:26:56]} Nf8 {[%clk
1:12:17]} 10. d4 {[%clk 1:25:12]} Ng6 {[%clk 1:09:57]} 11. Rfd1 {[%clk 1:18:25]}
Qe7 {[%clk 1:06:06]} 12. e4 {[%clk 1:07:50]} Bb4 {[%clk 0:53:10]} 13. e5 {[%clk
1:03:38]} Nd7 {[%clk 0:51:58]} 14. a3 {[%clk 1:01:17]} Ba5 {[%clk 0:51:32]} 15.
b4 {[%clk 0:55:43]} Bd8 {[%clk 0:49:16]} 16. Bc1 {[%clk 0:48:51]} f6 {[%clk
0:46:31]} 17. exf6 {[%clk 0:46:37]} gxf6 {[%clk 0:44:27]} 18. Bh6 {[%clk
0:45:02]} Kh8 {[%clk 0:38:41]} 19. Re1 {[%clk 0:40:55]} Rg8 {[%clk 0:33:01]} 20.
cxd5 {[%clk 0:34:05]} cxd5 {[%clk 0:32:55]} 21. Bd3 {[%clk 0:32:11]} Nb6 {[%clk
0:32:11]} 22. Qb3 {[%clk 0:29:32]} Bd7 {[%clk 0:27:31]} 23. a4 {[%clk 0:29:23]}
Qf7 {[%clk 0:27:03]} 24. a5 {[%clk 0:18:42]} Nc4 {[%clk 0:25:29]} 25. Bxc4 {[%clk
0:16:17]} dxc4 {[%clk 0:25:55]} 26. Qxc4 {[%clk 0:16:45]} Ne7 {[%clk 0:25:41]}
27. Ne4 {[%clk 0:09:52]} Qg6 {[%clk 0:22:23]} 28. Bg5 {[%clk 0:08:22]} Nd5 {[%clk
0:22:44]} 29. Nc5 {[%clk 0:04:11]} Rc8 {[%clk 0:20:18]} 30. Qb3 {[%clk 0:03:55]}
Rxc5 {[%clk 0:19:04]} 31. bxc5 {[%clk 0:03:37]} Bc8 {[%clk 0:17:24]} 32. a6
{[%clk 0:01:37]} bxa6 {[%clk 0:15:42]} 33. Rxa6 {[%clk 0:00:44]} Bxa6 {[%clk
0:12:30]} 34. Rxe6 {[%clk 0:01:12]} Qd3 {[%clk 0:12:16]} 35. Qxd3 {[%clk
0:00:56]} Bxd3 {[%clk 0:12:44]} 36. Bh6 {[%clk 0:00:42]} a5 {[%clk 0:12:08]} 37.
Rd6 {[%clk 0:01:09]} Nc3 {[%clk 0:09:45]} 38. Rd7 {[%clk 0:01:34]} Be4 {[%clk
0:08:43]} 39. Nd2 {[%clk 0:00:55]} Bd5 {[%clk 0:07:24]} 40. f3 {[%clk 0:30:45]}
f5 {[%clk 0:32:55]} 41. Nb1 {[%clk 0:22:20]} Nxb1 {[%clk 0:25:38]} 42. Rxd5
{[%clk 0:22:46]} a4 {[%clk 0:22:20]} 43. Rxf5 {[%clk 0:21:15]} a3 {[%clk
0:16:31]} 44. Rf7 {[%clk 0:12:06]} Nc3 {[%clk 0:15:30]} 45. Ra7 {[%clk 0:00:55]}
Nb5 {[%clk 0:14:23]} 46. Ra6 {[%clk 0:01:07]} Rg6 {[%clk 0:10:13]} 47. Ra8 {[%clk
0:01:12]} Rxh6 {[%clk 0:10:37]} 48. Rxd8+ {[%clk 0:01:36]} Kg7 {[%clk 0:11:06]}
49. Ra8 {[%clk 0:01:49]} Re6 {[%clk 0:11:13]} 50. Kf2 {[%clk 0:00:36]} Re7 {[%clk
0:11:09]} 51. c6 {[%clk 0:00:37]} Ra7 {[%clk 0:11:25]} 52. Rb8 {[%clk 0:00:52]}
a2 {[%clk 0:08:55]} 53. Rb7+ {[%clk 0:01:11]} Kh6 {[%clk 0:04:04]} 54. c7 {[%clk
0:01:29]} Ra8 {[%clk 0:03:59]} 55. Rb6+ {[%clk 0:00:50]} Kg7 {[%clk 0:03:53]} 56.
c8Q {[%clk 0:00:43]} Rxc8 {[%clk 0:04:20]} 57. Ra6 {[%clk 0:01:10]} Rc2+ {[%clk
0:04:32]} 0-1

[Event "European Women's Championship"]
[Site "Vysoke Tatry"]
[Date "2018.04.17"]
[Round "9"]
[White "Arabidze, Meri"]
[Black "Rapport, Jovana"]
[Result "1-0"]
[Board "18"]
[WhiteElo "2393"]
[WhiteTitle "IM"]
[WhiteCountry "GEO"]
[WhiteFideId "13604040"]
[WhiteEloChange "8"]
[BlackElo "2328"]
[BlackTitle "WGM"]
[BlackCountry "SRB"]
[BlackFideId "937266"]
[BlackEloChange "-8"]

1. d4 {[%clk 1:30:57]} e6 {[%clk 1:30:36]} 2. c4 {[%clk 1:31:20]} b6 {[%clk
1:30:54]} 3. e4 {[%clk 1:31:25]} Bb4+ {[%clk 1:31:16]} 4. Nc3 {[%clk 1:31:07]}
Bb7 {[%clk 1:30:19]} 5. f3 {[%clk 1:26:00]} f5 {[%clk 1:19:59]} 6. exf5 {[%clk
1:18:44]} Nh6 {[%clk 1:20:23]} 7. a3 {[%clk 1:09:36]} Bxc3+ {[%clk 1:20:04]} 8.
bxc3 {[%clk 1:09:54]} Nxf5 {[%clk 1:20:18]} 9. Nh3 {[%clk 1:01:38]} Qh4+ {[%clk
1:10:08]} 10. Nf2 {[%clk 1:01:57]} Nc6 {[%clk 1:03:31]} 11. Bd3 {[%clk 1:01:31]}
Na5 {[%clk 1:03:09]} 12. O-O {[%clk 0:59:47]} Nd6 {[%clk 1:01:39]} 13. c5 {[%clk
0:51:16]} bxc5 {[%clk 1:01:30]} 14. dxc5 {[%clk 0:51:32]} Nf7 {[%clk 0:59:01]}
15. Re1 {[%clk 0:49:57]} Bc6 {[%clk 0:56:41]} 16. Rb1 {[%clk 0:48:30]} Qh5 {[%clk
0:52:48]} 17. Bf4 {[%clk 0:43:59]} Qxc5 {[%clk 0:40:43]} 18. Bxc7 {[%clk
0:43:45]} O-O {[%clk 0:40:15]} 19. Qc2 {[%clk 0:31:52]} h6 {[%clk 0:39:35]} 20.
Bf4 {[%clk 0:30:54]} Nc4 {[%clk 0:39:07]} 21. Rb4 {[%clk 0:28:22]} Nfe5 {[%clk
0:37:29]} 22. Bxc4 {[%clk 0:14:10]} Nxc4 {[%clk 0:35:54]} 23. Bxh6 {[%clk
0:14:28]} gxh6 {[%clk 0:25:41]} 24. Qg6+ {[%clk 0:14:53]} Kh8 {[%clk 0:26:09]}
25. Qxh6+ {[%clk 0:15:16]} Kg8 {[%clk 0:26:37]} 26. Qg6+ {[%clk 0:15:35]} Kh8
{[%clk 0:27:04]} 27. Rd1 {[%clk 0:14:47]} a5 {[%clk 0:01:11]} 28. Rxc4 {[%clk
0:13:52]} Qxc4 {[%clk 0:01:40]} 29. Rd4 {[%clk 0:14:17]} Qxd4 {[%clk 0:02:09]}
30. cxd4 {[%clk 0:14:36]} Bd5 {[%clk 0:01:01]} 31. Ng4 {[%clk 0:14:22]} d6 {[%clk
0:00:37]} 32. Nf6 {[%clk 0:14:03]} Rxf6 {[%clk 0:00:33]} 33. Qxf6+ {[%clk
0:14:30]} Kg8 {[%clk 0:01:00]} 34. Qe7 {[%clk 0:14:42]} Rb8 {[%clk 0:00:32]} 35.
h4 {[%clk 0:14:11]} a4 {[%clk 0:00:47]} 36. h5 {[%clk 0:14:09]} Rb7 {[%clk
0:01:13]} 37. Qe8+ {[%clk 0:12:45]} Kh7 {[%clk 0:01:39]} 38. Qxa4 {[%clk
0:13:07]} Rg7 {[%clk 0:02:02]} 39. Kf2 {[%clk 0:13:18]} Kh6 {[%clk 0:02:16]} 40.
Qe8 {[%clk 0:43:27]} 1-0